The international film business : (Record no. 41800)
[ view plain ]
| 000 -LEADER | |
|---|---|
| fixed length control field | 03161cam a2200373 i 4500 |
| 001 - ACCESSION NUMBER | |
| control field | 22375404 |
| 003 - CONTROL NUMBER IDENTIFIER | |
| control field | CUTN |
| 005 - DATE AND TIME OF LATEST TRANSACTION | |
| control field | 20240112153454.0 |
| 006 - FIXED-LENGTH DATA ELEMENTS--ADDITIONAL MATERIAL CHARACTERISTICS--GENERAL INFORMATION | |
| fixed length control field | m |o d | |
| 007 - PHYSICAL DESCRIPTION FIXED FIELD--GENERAL INFORMATION | |
| fixed length control field | cr_||||||||||| |
| 008 - FIXED-LENGTH DATA ELEMENTS--GENERAL INFORMATION | |
| fixed length control field | 220107s2022 nyu ob 001 0 eng |
| 010 ## - LIBRARY OF CONGRESS CONTROL NUMBER | |
| LC control number | 2022000387 |
| 020 ## - INTERNATIONAL STANDARD BOOK NUMBER | |
| International Standard Book Number | 9781003205753 |
| Qualifying information | (ebook) |
| 020 ## - INTERNATIONAL STANDARD BOOK NUMBER | |
| Cancelled/invalid ISBN | 9781032071763 |
| Qualifying information | (hardback) |
| 020 ## - INTERNATIONAL STANDARD BOOK NUMBER | |
| Cancelled/invalid ISBN | 9781032071756 |
| Qualifying information | (paperback) |
| 040 ## - CATALOGING SOURCE | |
| Original cataloging agency | DLC |
| Language of cataloging | eng |
| Transcribing agency | DLC |
| Description conventions | rda |
| Modifying agency | DLC |
| 042 ## - AUTHENTICATION CODE | |
| Authentication code | pcc |
| 050 00 - LIBRARY OF CONGRESS CALL NUMBER | |
| Classification number | PN1995.9.M29 |
| 082 00 - DEWEY DECIMAL CLASSIFICATION NUMBER | |
| Classification number | 791.430 |
| Edition number | 23/eng/20220107 |
| Item number | FIN |
| 100 1# - MAIN ENTRY--PERSONAL NAME | |
| Personal name | Finney, Angus, |
| Dates associated with a name | 1964- |
| Relator term | author. |
| 245 14 - TITLE STATEMENT | |
| Title | The international film business : |
| Remainder of title | a market guide beyond Hollywood / |
| Statement of responsibility, etc | Angus Finney. |
| 250 ## - EDITION STATEMENT | |
| Edition statement | Third edition. |
| 300 ## - PHYSICAL DESCRIPTION | |
| Extent | 1 online resource |
| 504 ## - BIBLIOGRAPHY, ETC. NOTE | |
| Bibliography, etc | Includes bibliographical references and index. |
| 505 0# - FORMATTED CONTENTS NOTE | |
| Formatted contents note | The film value chain -- Users and the changing digital market -- Business, leadership and management strategies -- Conclusion. |
| 520 ## - SUMMARY, ETC. | |
| Summary, etc | "Examining the independent film sector as a business on an international scale, author Angus Finney addresses the specific skills and knowledge required to successfully navigate the international film business. Finney describes and analyses the present structure of the film industry as a business, with a specific focus on the film value chain and takes readers through the status of current digital technology, offering ways in which this may change the structure and opportunities offered by the industry in the future. The textbook provides information and advice on the different business and management skills and strategies that students and emerging practitioners will need to effectively engage with the industry in an international context. Case studies of films and TV including Parasite (2019), Game of Thrones (2011-2019) and The Best Exotic Marigold Hotel (2011) are supplemented by company case studies on Redbus, Renaissance, Pixar, with additional new chapters focusing on Netflix, TikTok and the Metaverse. This third edition of The International Film Business includes up to date information on the status of the international film industry during and post Covid-19; expanded content looking at the TV industry and streaming services; new case studies and dedicated sections on the Streaming Wars and the Chinese Film Industry; and a new chapter looking at the changes in digital production in the context of the global and territorial film and TV industry. Written for students of Film Business and emerging practitioners, this book will take readers through the successes and failures of a variety of real film companies and projects and features exclusive interviews with leading practitioners in all sectors of the industry, from production to exhibition"-- |
| 650 #0 - SUBJECT ADDED ENTRY--TOPICAL TERM | |
| Topical term or geographic name as entry element | Motion pictures |
| General subdivision | Marketing. |
| 650 #0 - SUBJECT ADDED ENTRY--TOPICAL TERM | |
| Topical term or geographic name as entry element | Motion pictures |
| General subdivision | Distribution. |
| 650 #0 - SUBJECT ADDED ENTRY--TOPICAL TERM | |
| Topical term or geographic name as entry element | Motion picture industry |
| General subdivision | Finance. |
| 776 08 - ADDITIONAL PHYSICAL FORM ENTRY | |
| Display text | Print version: |
| Main entry heading | Finney, Angus, 1964- |
| Title | International film business |
| Edition | Third edition. |
| Place, publisher, and date of publication | New York, NY : Routledge, 2022 |
| International Standard Book Number | 9781032071763 |
| Record control number | (DLC) 2022000386 |
| 906 ## - LOCAL DATA ELEMENT F, LDF (RLIN) | |
| a | 7 |
| b | cbc |
| c | orignew |
| d | 1 |
| e | ecip |
| f | 20 |
| g | y-gencatlg |
| 942 ## - ADDED ENTRY ELEMENTS (KOHA) | |
| Source of classification or shelving scheme | Dewey Decimal Classification |
| Koha item type | General Books |
| Date last seen | Total Checkouts | Full call number | Barcode | Price effective from | Koha item type | Lost status | Source of classification or shelving scheme | Damaged status | Not for loan | Collection code | Withdrawn status | Home library | Current library | Shelving location | Date acquired |
|---|---|---|---|---|---|---|---|---|---|---|---|---|---|---|---|
| 12/01/2024 | 791.430 FIN | 46563 | 12/01/2024 | General Books | Dewey Decimal Classification | Non-fiction | CUTN Central Library | CUTN Central Library | Arts & Sports | 12/01/2024 |
